| 000 | 00954nam a2200313 a 4500 | ||
|---|---|---|---|
| 001 | 22754 | ||
| 003 | SK-KTurca | ||
| 005 | 20260422164427.0 | ||
| 008 | 250414s1991 xo 0 slo | ||
| 015 | _aSNBA1991/07 | ||
| 020 | _a8071270199 | ||
| 035 | _aSNK000007774 | ||
| 040 |
_aSNK _bslo _cSNK _eAACR2 |
||
| 041 | 0 | _aslo | |
| 044 |
_axo _cSK |
||
| 080 |
_a001.19(0.062) _21981 |
||
| 100 | 1 |
_aPauwels, Louis, _d1920-1997 _4aut |
|
| 240 | 1 | 3 |
_aLe matin des magiciens _lSlovensky |
| 245 | 1 | 0 |
_aRáno kúzelníkov _búvod do fantastického realizmu _cLouis Pauwels, Jacques Bergier |
| 250 | _a1. vyd. | ||
| 260 |
_aBratislava _bBradlo _c1991 _eNitra _fNitrianske tlačiarne |
||
| 300 |
_a408 s. _c21 cm |
||
| 500 | _aIlustr. na tit. liste. | ||
| 650 | 0 | 7 |
_avedecké poznanie _2SNKPH |
| 700 | 1 |
_aBergier, Jacques, _d1912-1978 _4aut |
|
| 942 |
_2ddc _cKLDO _n0 |
||
| 999 |
_c22754 _d22754 |
||